[Event "Paracin Summer op-A 12th"]
[Site "Paracin"]
[Date "2019.07.12"]
[Round "9"]
[White "Raahul, VS."]
[Black "Franklin, Samuel Gideon"]
[Result "1/2-1/2"]
[WhiteElo "2251"]
[BlackElo "2339"]
[PlyCount "106"]
[EventDate "2019.07.05"]
[EventType "swiss"]
[EventRounds "9"]
[EventCountry "SRB"]
[SourceTitle "CBM 191 Extra"]
[Source "ChessBase"]
[SourceDate "2019.09.30"]
[SourceVersion "1"]
[SourceVersionDate "2019.09.30"]
[SourceQuality "1"]

1. c4 Nf6 2. Nc3 g6 3. e4 d6 4. d4 Bg7 5. Nf3 0-0 6. Be2 e5 7. 0-0 Nbd7 8. Be3 Ng4 9. Bg5 f6 10. Bh4 h5 11. b4 Nh6 12. Bg3 Nf7 13. c5 dxc5 14. dxc5 c6 15. Bc4 Qe7 16. Qb3 b5 17. cxb6 Nxb6 18. Na4 Kh7 19. Bxf7 Rxf7 20. Nc5 Nd7 21. Rfc1 Bh6 22. Rc2 a5 23. Ne6 a4 24. Qc4 Nb6 25. Qc5 Qxe6 26. Qxb6 Ra6 27. Qc5 Bf8 28. Qc3 Rb6 29. a3 Kg7 30. Nd2 c5 31. f3 Rc6 32. Rb1 Rb7 33. Bf2 Bd7 34. bxc5 Rxb1+ 35. Nxb1 Rc8 36. Qc4 Qxc4 37. Rxc4 Bb5 38. Rc1 Kf7 39. g3 Ke6 40. Kg2 Bc6 41. Nc3 Rb8 42. Rb1 Rxb1 43. Nxb1 f5 44. Nc3 Bh6 45. Kf1 Bc1 46. Ke2 Bxa3 47. Kd3 Bb4 48. Na2 Bb5+ 49. Kc2 Ba5 50. Be3 Bc6 51. Kd3 Bb5+ 52. Kc2 Bc6 53. Kd3 Bb5+ 1/2-1/2

[Event "Paracin Summer op-A 12th"]
[Site "Paracin"]
[Date "2019.07.11"]
[Round "8"]
[White "Franklin, Samuel Gideon"]
[Black "Pikula, Dejan"]
[Result "0-1"]
[WhiteElo "2339"]
[BlackElo "2447"]
[PlyCount "160"]
[EventDate "2019.07.05"]
[EventType "swiss"]
[EventRounds "9"]
[EventCountry "SRB"]
[SourceTitle "CBM 191 Extra"]
[Source "ChessBase"]
[SourceDate "2019.09.30"]
[SourceVersion "1"]
[SourceVersionDate "2019.09.30"]
[SourceQuality "1"]

1. e4 c5 2. Nf3 e6 3. d4 cxd4 4. Nxd4 a6 5. Nc3 Qc7 6. Bd3 Nf6 7. Qe2 d6 8. 0-0 Be7 9. f4 Nbd7 10. Kh1 0-0 11. Bd2 b5 12. Rae1 Nc5 13. b4 Nxd3 14. cxd3 Bb7 15. Rc1 Qd7 16. a3 Rac8 17. Rc2 g6 18. Rfc1 Rfe8 19. Be3 Bf8 20. Nb3 Nh5 21. Kg1 Bh6 22. Qf2 f5 23. exf5 exf5 24. Ne2 Rxc2 25. Rxc2 Qe6 26. Na5 Bxg2 27. Ng3 Nxg3 28. Kxg2 Nh1 29. Kxh1 Qxe3 30. Qxe3 Rxe3 31. Rc6 Rxd3 32. Rxa6 Bxf4 33. Nc6 Rd2 34. Na7 Rxh2+ 35. Kg1 Rd2 36. Nxb5 h5 37. Rc6 h4 38. Rc3 Bg3 39. Rc1 h3 40. Nc3 Bf4 41. Rd1 Rg2+ 42. Kh1 Be5 43. Nd5 Rh2+ 44. Kg1 Ra2 45. b5 Rxa3 46. Rb1 Ra7 47. b6 Rb7 48. Rc1 Bd4+ 49. Kh2 Rxb6 50. Nxb6 Bxb6 51. Rc6 Bd4 52. Kxh3 Be5 53. Rc7 Kf8 54. Rd7 Ke8 55. Rb7 Bf6 56. Kg3 Be7 57. Kf4 Kf7 58. Rb1 Bf6 59. Rd1 Be7 60. Rg1 Kf6 61. Rg2 Bf8 62. Kf3 Bh6 63. Rh2 Bg7 64. Rd2 Bf8 65. Rh2 g5 66. Rh8 Kg7 67. Rh5 Be7 68. Kg3 Bf6 69. Kf3 Kg6 70. Rh1 Be5 71. Rb1 g4+ 72. Ke3 Kg5 73. Rb8 Kh4 74. Rf8 f4+ 75. Kf2 Bd4+ 76. Kg2 f3+ 77. Kf1 Kh3 78. Rf4 Bc5 79. Rf5 g3 80. Rxf3 Kh2 0-1

[Event "Paracin Summer op-A 12th"]
[Site "Paracin"]
[Date "2019.07.08"]
[Round "4"]
[White "Franklin, Samuel Gideon"]
[Black "Sahil, Tickoo"]
[Result "1-0"]
[WhiteElo "2339"]
[BlackElo "2187"]
[PlyCount "117"]
[EventDate "2019.07.05"]
[EventType "swiss"]
[EventRounds "9"]
[EventCountry "SRB"]
[SourceTitle "CBM 191 Extra"]
[Source "ChessBase"]
[SourceDate "2019.09.30"]
[SourceVersion "1"]
[SourceVersionDate "2019.09.30"]
[SourceQuality "1"]

1. c4 e6 2. g3 d5 3. Bg2 Nf6 4. Nf3 dxc4 5. 0-0 Nbd7 6. Qc2 c5 7. a4 Nd5 8. Qxc4 Be7 9. Nc3 Nb4 10. a5 0-0 11. Qb3 Nc6 12. Qa4 a6 13. d3 Nf6 14. Nd2 Bd7 15. Nc4 Nd4 16. Qd1 Bc6 17. Bxc6 Nxc6 18. Qb3 Nb4 19. Na4 Rc8 20. Bd2 Qd4 21. Be3 Qg4 22. f3 Qh3 23. Rfc1 Nfd5 24. Bf2 Rfd8 25. Ncb6 Bg5 26. Rc4 Ne3 27. Bxe3 Bxe3+ 28. Kh1 Rc6 29. Rh4 Qf5 30. Rf1 Rcd6 31. Nc4 Bd4 32. Nxd6 Rxd6 33. Qc4 g5 34. Rxd4 Rxd4 35. Qxc5 Qh3 36. Rc1 Nc6 37. Qxg5+ Kf8 38. Nc3 Rb4 39. Rb1 h6 40. Qc5+ Kg8 41. Kg1 h5 42. Qg5+ Kf8 43. Ne4 Qf5 44. Qh6+ Ke7 45. Qd2 Qxa5 46. Rc1 Qb6+ 47. Kf1 Rxb2 48. Qg5+ Kd7 49. Qf4 f5 50. Qd6+ Kc8 51. Nc5 Qd8 52. Qxe6+ Kb8 53. Nxa6+ Ka7 54. Nc5 Qe7 55. Ra1+ Kb8 56. Qg8+ Kc7 57. Ne6+ Kd6 58. Nf4 Rb5 59. Rc1 1-0

[Event "Paracin Summer op-A 12th"]
[Site "Paracin"]
[Date "2019.07.05"]
[Round "1"]
[White "Peycheva, Gergana"]
[Black "Franklin, Samuel Gideon"]
[Result "1-0"]
[WhiteElo "2065"]
[BlackElo "2339"]
[PlyCount "89"]
[EventDate "2019.07.05"]
[EventType "swiss"]
[EventRounds "9"]
[EventCountry "SRB"]
[SourceTitle "EXT 2020"]
[Source "ChessBase"]
[SourceDate "2019.10.17"]
[SourceVersion "1"]
[SourceVersionDate "2019.10.17"]
[SourceQuality "1"]

1. d4 Nf6 2. c4 g6 3. Nc3 Bg7 4. e4 d6 5. Nf3 0-0 6. Be2 e5 7. 0-0 Nc6 8. d5 Ne7 9. b4 a5 10. Ba3 axb4 11. Bxb4 b6 12. a4 Re8 13. Qd3 Nf5 14. a5 bxa5 15. Bxa5 Bd7 16. exf5 e4 17. Qd2 exf3 18. Bxf3 Bxf5 19. Nb5 Rc8 20. c5 dxc5 21. Nxc7 Ne4 22. Bxe4 Rxe4 23. Ne6 Qd6 24. Nxg7 Kxg7 25. Bc3+ Kg8 26. Ra7 Rd8 27. Rfa1 f6 28. Qh6 Re7 29. h4 Rde8 30. R7a6 Qxd5 31. Bxf6 Rf7 32. h5 Ref8 33. Bc3 Qd3 34. Be5 gxh5 35. R1a3 Qb1+ 36. Kh2 h4 37. Qxh4 Bg6 38. Rxg6+ Qxg6 39. Rg3 Rf5 40. Qc4+ R8f7 41. Rxg6+ hxg6 42. Qxc5 Rxf2 43. Qc8+ Rf8 44. Qe6+ Kh7 45. Qe7+ 1-0

[Event "BCF-chT1c 1819 (4NCL) Promotion pool"]
[Site "England"]
[Date "2019.03.17"]
[Round "8.34"]
[White "Arkell, Keith C"]
[Black "Franklin, Samuel Gideon"]
[Result "1-0"]
[WhiteElo "2463"]
[BlackElo "2349"]
[PlyCount "163"]
[EventDate "2018.11.10"]
[EventType "team-tourn"]
[EventRounds "11"]
[EventCountry "ENG"]
[SourceTitle "CBM 189 Extra"]
[Source "ChessBase"]
[SourceDate "2019.06.03"]
[SourceVersion "1"]
[SourceVersionDate "2019.06.03"]
[SourceQuality "1"]
[WhiteTeam "Cheddleton"]
[BlackTeam "Barbican"]
[WhiteTeamCountry "ENG"]
[BlackTeamCountry "ENG"]

1. Nf3 Nf6 2. d4 g6 3. c4 Bg7 4. Nc3 0-0 5. g3 d6 6. Bg2 Nc6 7. 0-0 Rb8 8. Bf4 a6 9. a4 h6 10. a5 g5 11. Bc1 e5 12. dxe5 dxe5 13. Be3 Be6 14. Qa4 Qe7 15. Rfd1 Rfd8 16. h3 Rxd1+ 17. Rxd1 Rd8 18. Rxd8+ Qxd8 19. Nd2 Bd7 20. Qa1 Qe7 21. Nb3 Qb4 22. Qa4 Bf8 23. Qxb4 Bxb4 24. Na2 Be7 25. g4 Kf8 26. Kf1 Ke8 27. Ke1 Nb4 28. Nxb4 Bxb4+ 29. Bd2 Bxd2+ 30. Kxd2 Bc8 31. Nc5 c6 32. Nd3 Nd7 33. Be4 Nf6 34. Bg2 h5 35. gxh5 Nxh5 36. Nxe5 Nf4 37. Bf1 Bxh3 38. Bxh3 Nxh3 39. Nd3 Kd7 40. Nc5+ Kc7 41. Ke3 Nf4 42. Kf3 f5 43. e3 Ng6 44. Ne6+ Kd6 45. Nxg5 Ne5+ 46. Kf4 Nxc4 47. Kxf5 Nxb2 48. Ne4+ Kd5 49. Nd2 Kd6 50. e4 Ke7 51. e5 Nd3 52. f4 Nc5 53. Nc4 Kf7 54. Nd6+ Ke7 55. Kg6 Ke6 56. Nf7 Ke7 57. f5 Nd7 58. Kg7 c5 59. e6 Nf6 60. Ne5 Ne8+ 61. Kg6 Nc7 62. f6+ Kxe6 63. Nd3 c4 64. Nf4+ Kd6 65. f7 Ke7 66. Nd5+ Nxd5 67. Kg7 Kd6 68. f8Q+ Kc6 69. Qc8+ Nc7 70. Qf5 Nd5 71. Kf7 b6 72. axb6 Nxb6 73. Qa5 Nd5 74. Ke6 Nc7+ 75. Ke5 Nb5 76. Qb4 c3 77. Qc4+ Kb6 78. Kd5 Nc7+ 79. Kd4 Nb5+ 80. Kd3 a5 81. Qa4 Ka6 82. Kc4 1-0

[Event "BCF-chT1a 1819 (4NCL)"]
[Site "England"]
[Date "2019.01.12"]
[Round "3.35"]
[White "Coathup, Roger"]
[Black "Franklin, Samuel Gideon"]
[Result "1/2-1/2"]
[WhiteElo "2139"]
[BlackElo "2329"]
[PlyCount "85"]
[EventDate "2018.11.10"]
[EventType "team-tourn"]
[EventRounds "7"]
[EventCountry "ENG"]
[SourceTitle "CBM 188 Extra"]
[Source "ChessBase"]
[SourceDate "2019.02.26"]
[SourceVersion "1"]
[SourceVersionDate "2019.02.26"]
[SourceQuality "1"]
[WhiteTeam "North East England"]
[BlackTeam "Barbican"]
[WhiteTeamCountry "ENG"]
[BlackTeamCountry "ENG"]

1. d4 Nf6 2. c4 g6 3. Nc3 Bg7 4. e4 d6 5. Be2 0-0 6. Bg5 Na6 7. f4 c6 8. Nf3 Nc7 9. Bh4 Ne6 10. Qd2 d5 11. Bxf6 exf6 12. exd5 cxd5 13. Nxd5 f5 14. 0-0 b5 15. Rad1 bxc4 16. Bxc4 Bb7 17. Nc3 Bxf3 18. Rxf3 Bxd4+ 19. Kf1 Bxc3 20. bxc3 Nc5 21. Qxd8 Rfxd8 22. Bd5 Rab8 23. c4 Rd7 24. Re1 Kg7 25. Rfe3 Kf6 26. Ra3 Rc7 27. Ree3 h5 28. Ra5 Rb1+ 29. Kf2 Rb2+ 30. Kf3 Rc2 31. Rea3 a6 32. Re3 Rc1 33. Ke2 Rc2+ 34. Kf3 Rc1 35. g3 Rc2 36. Re2 Rc3+ 37. Re3 Rc2 38. Re2 Rc3+ 39. Kg2 Rc8 40. Kf1 Rc1+ 41. Kg2 Rc3 42. Rb2 Rc7 43. Re2 1/2-1/2

[Event "BCF-chT1a 1819 (4NCL)"]
[Site "England"]
[Date "2018.11.11"]
[Round "2.1"]
[White "Demuth, Adrien"]
[Black "Franklin, Samuel Gideon"]
[Result "1/2-1/2"]
[WhiteElo "2519"]
[BlackElo "2316"]
[PlyCount "63"]
[EventDate "2018.11.10"]
[EventType "team-tourn"]
[EventRounds "7"]
[EventCountry "ENG"]
[SourceTitle "CBM 187 Extra"]
[Source "ChessBase"]
[SourceDate "2018.11.04"]
[SourceVersion "1"]
[SourceVersionDate "2018.11.04"]
[SourceQuality "1"]
[WhiteTeam "Guildford"]
[BlackTeam "Barbican"]
[WhiteTeamCountry "ENG"]
[BlackTeamCountry "ENG"]

1. Nf3 Nf6 2. g3 g6 3. Bg2 Bg7 4. 0-0 0-0 5. c4 d6 6. Nc3 Nc6 7. d4 Rb8 8. d5 Na5 9. b3 c5 10. dxc6 Nxc6 11. Bb2 Ne4 12. Qc1 Nxc3 13. Bxc3 Bxc3 14. Qxc3 Qa5 15. Qc1 Bg4 16. Rd1 Bxf3 17. Bxf3 Qe5 18. Qd2 Qf6 19. Rac1 Rfc8 20. Qe3 b6 21. Bxc6 Rxc6 22. Rd5 Kg7 23. Kg2 Rbc8 24. Rcd1 Rc5 25. h4 h5 26. R1d4 Rxd5 27. cxd5 Rc2 28. Ra4 Rc3 29. Qd2 a5 30. Re4 Rc5 31. Re3 Kf8 32. Rd3 1/2-1/2

[Event "BCF-chT1b 1718 (4NCL)"]
[Site "England"]
[Date "2018.01.14"]
[Round "4.66"]
[White "Franklin, Samuel Gideon"]
[Black "White, Stuart A"]
[Result "0-1"]
[WhiteElo "2342"]
[BlackElo "2098"]
[PlyCount "38"]
[EventDate "2017.11.11"]
[EventType "team-swiss"]
[EventRounds "11"]
[EventCountry "ENG"]
[SourceTitle "EXT 2019"]
[Source "ChessBase"]
[SourceDate "2018.10.10"]
[SourceVersion "1"]
[SourceVersionDate "2018.10.10"]
[SourceQuality "1"]
[WhiteTeam "Barbican"]
[BlackTeam "Alba"]
[WhiteTeamCountry "ENG"]
[BlackTeamCountry "ENG"]

1. e4 e6 2. d4 d5 3. Nc3 Nf6 4. e5 Nfd7 5. f4 c5 6. Nf3 Nc6 7. Be3 Be7 8. Qd2 a6 9. dxc5 Nxc5 10. 0-0-0 b5 11. Qf2 Na4 12. Ne2 Qc7 13. Kb1 Na5 14. Ned4 Nc4 15. Bc1 Bd7 16. Bd3 Naxb2 17. Bxb2 Nxb2 18. Kxb2 Ba3+ 19. Kb3 Qa5 0-1

[Event "BCF-chT1c 1617 (4NCL) Promotion pool"]
[Site "England"]
[Date "2017.04.30"]
[Round "10.38"]
[White "Milson, Samuel"]
[Black "Franklin, Samuel Gideon"]
[Result "1/2-1/2"]
[WhiteElo "2084"]
[BlackElo "2302"]
[PlyCount "151"]
[EventDate "2016.11.19"]
[EventType "team-tourn"]
[EventRounds "4"]
[EventCountry "ENG"]
[SourceTitle "EXT 2018"]
[Source "ChessBase"]
[SourceDate "2017.10.13"]
[SourceVersion "1"]
[SourceVersionDate "2017.10.13"]
[SourceQuality "1"]
[WhiteTeam "Grantham Sharks"]
[BlackTeam "Barbican"]
[WhiteTeamCountry "ENG"]
[BlackTeamCountry "ENG"]

1. e4 e5 2. Nf3 Nc6 3. Bb5 a6 4. Ba4 Nf6 5. 0-0 Be7 6. d3 b5 7. Bb3 d6 8. c3 0-0 9. a4 Bd7 10. Nbd2 Na5 11. Bc2 c5 12. Re1 Re8 13. Nf1 h6 14. Ng3 Bf8 15. Bd2 c4 16. d4 Qc7 17. d5 g6 18. h3 Bg7 19. Nh2 bxa4 20. Bxa4 Bxa4 21. Rxa4 Nb3 22. Be3 a5 23. Nhf1 h5 24. Nd2 Nxd2 25. Bxd2 Reb8 26. Bc1 Nd7 27. Nf1 Qc5 28. Qe2 Nb6 29. Ra2 Qb5 30. Be3 Nd7 31. Nd2 Rc8 32. Rea1 Nc5 33. b4 Nb7 34. Qd1 Rab8 35. Qa4 Qxa4 36. Rxa4 axb4 37. Rxb4 Nd8 38. Rxb8 Rxb8 39. Nxc4 Bf8 40. Ra6 Rb1+ 41. Kh2 Nb7 42. Ra8 Kg7 43. Bh6+ Kxh6 44. Rxf8 Kg7 45. Rc8 Rb3 46. Rc6 Kf8 47. Nxd6 Nxd6 48. Rxd6 Rxc3 49. Rb6 Rd3 50. f3 Ke7 51. Kg3 Rd2 52. h4 Rd1 53. Rb3 Rd2 54. Kh3 Rd1 55. Rb2 Rh1+ 56. Kg3 Rd1 57. Kf2 Rh1 58. Ke3 Rxh4 59. Kd3 Rh1 60. Rb7+ Kf6 61. Kc4 Rc1+ 62. Kd3 Rg1 63. Rb2 h4 64. Ke3 Re1+ 65. Re2 Ra1 66. Rd2 Ke7 67. Kf2 Rb1 68. Re2 Kd6 69. Re1 Rb2+ 70. Kg1 f5 71. Kh2 fxe4 72. fxe4 Rb3 73. Rc1 Rb4 74. Re1 Rb3 75. Rc1 Rb4 76. Re1 1/2-1/2

[Event "BCF-chT1b 1617 (4NCL)"]
[Site "England"]
[Date "2017.03.04"]
[Round "7.83"]
[White "Franklin, Samuel Gideon"]
[Black "Zakarian, David"]
[Result "1-0"]
[WhiteElo "2302"]
[BlackElo "2380"]
[PlyCount "49"]
[EventDate "2016.11.19"]
[EventType "team-tourn"]
[EventRounds "7"]
[EventCountry "ENG"]
[SourceTitle "EXT 2018"]
[Source "ChessBase"]
[SourceDate "2017.10.13"]
[SourceVersion "1"]
[SourceVersionDate "2017.10.13"]
[SourceQuality "1"]
[WhiteTeam "Barbican II"]
[BlackTeam "Oxford"]
[WhiteTeamCountry "ENG"]
[BlackTeamCountry "ENG"]

1. e4 c5 2. Nf3 e6 3. d4 cxd4 4. Nxd4 a6 5. Nc3 Qc7 6. Bd3 Bc5 7. Nb3 Be7 8. 0-0 Nf6 9. f4 d6 10. Qe2 Nc6 11. Bd2 0-0 12. Rae1 Nd7 13. Rf3 Nc5 14. Rh3 Nxb3 15. Qh5 h6 16. axb3 Nb4 17. f5 Nxd3 18. cxd3 Rd8 19. Bxh6 Bf8 20. Bg5 f6 21. Bxf6 Qb6+ 22. d4 Bd7 23. Qh7+ Kf7 24. Qg6+ Kg8 25. Rh7 1-0

[Event "BCF-chT1a 1617 (4NCL)"]
[Site "England"]
[Date "2017.02.11"]
[Round "5.24"]
[White "Franklin, Samuel Gideon"]
[Black "Longson, Alexander"]
[Result "1/2-1/2"]
[WhiteElo "2302"]
[BlackElo "2317"]
[PlyCount "118"]
[EventDate "2016.11.19"]
[EventType "team-tourn"]
[EventRounds "7"]
[EventCountry "ENG"]
[SourceTitle "EXT 2018"]
[Source "ChessBase"]
[SourceDate "2017.10.13"]
[SourceVersion "1"]
[SourceVersionDate "2017.10.13"]
[SourceQuality "1"]
[WhiteTeam "Barbican"]
[BlackTeam "3CS Oldham"]
[WhiteTeamCountry "ENG"]
[BlackTeamCountry "ENG"]

1. e4 e5 2. Nf3 Nc6 3. Bb5 a6 4. Ba4 Nf6 5. 0-0 Be7 6. Re1 b5 7. Bb3 d6 8. c3 0-0 9. h3 Nb8 10. d4 Nbd7 11. Nbd2 Bb7 12. Bc2 Re8 13. b3 Bf8 14. Bb2 g6 15. a4 Nh5 16. Bd3 c6 17. Bf1 Nf4 18. Qc2 Bg7 19. dxe5 dxe5 20. b4 Nb6 21. axb5 cxb5 22. c4 Bc6 23. Rad1 Qc8 24. c5 Bd7 25. Rc1 Na4 26. Ba1 f6 27. Nb3 Be6 28. Na5 Qc7 29. Nc4 bxc4 30. Qxa4 Nd3 31. Bxd3 cxd3 32. Red1 Red8 33. Rc3 Bf8 34. Rcxd3 a5 35. Rxd8 Rxd8 36. Rxd8 Qxd8 37. Qxa5 Qxa5 38. bxa5 Bxc5 39. Bc3 Bc4 40. Nd2 Bd3 41. g3 Kf7 42. Kg2 g5 43. Kf3 h5 44. Nb3 Ba7 45. Bb4 Bc4 46. Bc5 Bxb3 47. Bxa7 Bc4 48. h4 gxh4 49. gxh4 Ke6 50. Ke3 f5 51. exf5+ Kxf5 52. Bb6 Ba6 53. Bd8 Bb5 54. Kd2 Ke4 55. Kc3 Ba6 56. Kb4 Kd5 57. Bc7 Be2 58. f4 exf4 59. Bxf4 Kc6 1/2-1/2

[Event "BCF-chT1a 1516 (4NCL)"]
[Site "England"]
[Date "2016.03.19"]
[Round "7.135"]
[White "Abbas, Daniel Karim"]
[Black "Franklin, Samuel Gideon"]
[Result "1-0"]
[WhiteElo "2214"]
[BlackElo "2301"]
[PlyCount "81"]
[EventDate "2015.11.14"]
[EventType "team-tourn"]
[EventRounds "7"]
[EventCountry "ENG"]
[SourceTitle "CBM 171 Extra"]
[Source "ChessBase"]
[SourceDate "2016.04.26"]
[SourceVersion "1"]
[SourceVersionDate "2016.04.26"]
[SourceQuality "1"]
[WhiteTeam "3CS Oldham"]
[BlackTeam "Barbican"]
[WhiteTeamCountry "ENG"]
[BlackTeamCountry "ENG"]

1. e4 e5 2. Nf3 Nc6 3. Bb5 a6 4. Ba4 Nf6 5. 0-0 b5 6. Bb3 Bc5 7. a4 Rb8 8. c3 d6 9. d4 Bb6 10. Na3 0-0 11. axb5 axb5 12. Nxb5 Bg4 13. Re1 exd4 14. cxd4 Bxf3 15. gxf3 Nxd4 16. Nxd4 Bxd4 17. Bxf7+ Rxf7 18. Qxd4 Qd7 19. Kg2 h6 20. Ra5 Re8 21. Be3 Nh7 22. Qc4 Kh8 23. h3 Rfe7 24. Rc1 c5 25. Rd1 Qc7 26. Ra6 Re6 27. Qd5 Nf6 28. Qc6 Qf7 29. Rxd6 Re5 30. Ra8 Qg6+ 31. Kh2 Kh7 32. Rxe8 Rxe8 33. Qxc5 Ra8 34. Rd1 Qf7 35. Qf5+ Kh8 36. Rd6 Qc7 37. Bf4 Qc2 38. Rd2 Qc6 39. Be5 Qc1 40. Bf4 Qc6 41. b4 1-0

[Event "BCF-chT1a 1516 (4NCL)"]
[Site "England"]
[Date "2015.11.14"]
[Round "1.137"]
[White "Franklin, Samuel Gideon"]
[Black "Grant, Jonathan"]
[Result "1/2-1/2"]
[WhiteElo "2301"]
[BlackElo "2217"]
[PlyCount "102"]
[EventDate "2015.11.14"]
[EventType "team-tourn"]
[EventRounds "7"]
[EventCountry "ENG"]
[SourceTitle "CBM 169 Extra"]
[Source "ChessBase"]
[SourceDate "2015.12.18"]
[SourceVersion "1"]
[SourceVersionDate "2015.12.18"]
[SourceQuality "1"]
[WhiteTeam "Barbican"]
[BlackTeam "Wood Green"]
[WhiteTeamCountry "ENG"]
[BlackTeamCountry "ENG"]

1. e4 c6 2. c4 d5 3. exd5 cxd5 4. cxd5 Nf6 5. Nc3 Nxd5 6. Nf3 Nc6 7. Bb5 e6 8. 0-0 Be7 9. d4 0-0 10. Re1 Bd7 11. Bc4 Nb6 12. Bd3 Nb4 13. Bb1 Rc8 14. a3 N4d5 15. Qd3 g6 16. Ba2 Bc6 17. Ne5 Bf6 18. Ne4 Bg7 19. Bg5 f6 20. Nxc6 Rxc6 21. Bd2 Kh8 22. Rac1 Rxc1 23. Bxc1 Qc8 24. b4 Rd8 25. Qf3 Qc6 26. Nc5 Nc7 27. Qxc6 bxc6 28. Nxe6 Re8 29. Kf1 Nb5 30. Bb3 Nd5 31. Bb2 Bh6 32. Nc5 Rd8 33. g3 Bd2 34. Re6 Bc3 35. Bxc3 Ndxc3 36. Rxc6 Nxd4 37. Rxf6 Ndb5 38. Ne6 Re8 39. a4 Ne4 40. Rf8+ Rxf8 41. Nxf8 Nd4 42. Bd1 Nf6 43. g4 g5 44. f4 gxf4 45. g5 Ne4 46. a5 f3 47. b5 f2 48. Be2 Nc2 49. Kg2 Ne1+ 50. Kf1 Nc2 51. Kg2 Ne1+ 1/2-1/2

[Event "BCF-chT1d 1314 (4NCL) Demotion pool"]
[Site "England"]
[Date "2014.05.03"]
[Round "9.165"]
[White "Healey, Michael W"]
[Black "Franklin, Samuel Gideon"]
[Result "0-1"]
[WhiteElo "2091"]
[BlackElo "2307"]
[PlyCount "94"]
[EventDate "2013.11.16"]
[EventType "team-tourn"]
[EventRounds "4"]
[EventCountry "ENG"]
[SourceTitle "EXT 2015"]
[Source "ChessBase"]
[SourceDate "2014.11.20"]
[SourceVersion "1"]
[SourceVersionDate "2014.11.20"]
[SourceQuality "1"]
[WhiteTeam "Oxford"]
[BlackTeam "Barbican"]
[WhiteTeamCountry "ENG"]
[BlackTeamCountry "ENG"]

1. e4 e5 2. Nf3 Nc6 3. Bb5 a6 4. Bxc6 dxc6 5. 0-0 Bg4 6. h3 h5 7. d3 Qf6 8. Be3 Bxf3 9. Qxf3 Qxf3 10. gxf3 Bd6 11. Nd2 Ne7 12. Rfb1 c5 13. a3 Nc6 14. c3 a5 15. Kf1 f6 16. Ke2 Kf7 17. h4 g6 18. Nc4 Rhe8 19. Rg1 a4 20. Rab1 b5 21. Nxd6+ cxd6 22. f4 exf4 23. Bxf4 d5 24. f3 c4 25. Rbd1 Rad8 26. dxc4 bxc4 27. Rg2 dxe4 28. Rxd8 exf3+ 29. Kxf3 Rxd8 30. Re2 Rd3+ 31. Kg2 f5 32. Bg5 Rd5 33. Bf4 Nd8 34. Be5 Ne6 35. Kf3 Rd3+ 36. Kg2 Nc5 37. Kh2 Ne4 38. Rg2 Rd2 39. Rxd2 Nxd2 40. Kg3 Ke6 41. Bh8 Ne4+ 42. Kf4 Nc5 43. Kg5 Kf7 44. Kf4 Nd3+ 45. Ke3 f4+ 46. Ke4 g5 47. hxg5 Kg6 0-1

[Event "BCF-chT1c 1314 (4NCL) Promotion pool"]
[Site "England"]
[Date "2014.03.23"]
[Round "8.143"]
[White "Franklin, Samuel Gideon"]
[Black "Speelman, Jonathan S"]
[Result "0-1"]
[WhiteElo "2307"]
[BlackElo "2503"]
[PlyCount "140"]
[EventDate "2013.11.16"]
[EventType "team-tourn"]
[EventRounds "4"]
[EventCountry "ENG"]
[SourceTitle "EXT 2015"]
[Source "ChessBase"]
[SourceDate "2014.11.20"]
[SourceVersion "1"]
[SourceVersionDate "2014.11.20"]
[SourceQuality "1"]
[WhiteTeam "Barbican II"]
[BlackTeam "Wood Green Hilsmark"]
[WhiteTeamCountry "ENG"]
[BlackTeamCountry "ENG"]

1. e4 c6 2. c4 d5 3. exd5 cxd5 4. cxd5 Nf6 5. Nc3 Nxd5 6. Nf3 Nc6 7. Bb5 e6 8. 0-0 Be7 9. d4 0-0 10. Re1 Qd6 11. a3 Rd8 12. Ne4 Qc7 13. Bg5 Bd7 14. Bxe7 Ndxe7 15. Qe2 Be8 16. Nc3 a6 17. Bxc6 Bxc6 18. Rad1 Rd6 19. Ne4 Bxe4 20. Qxe4 Qc6 21. Qf4 Rad8 22. Ne5 Qe8 23. Nc4 Rc6 24. Na5 Nd5 25. Qe5 Rc7 26. Rc1 Rxc1 27. Rxc1 Qb5 28. b4 h6 29. h3 b6 30. Nb7 Rf8 31. Qg3 Qe2 32. Nd6 Qd2 33. Rc4 b5 34. Rc6 Qxd4 35. Kh2 Qa7 36. Rc5 Qd7 37. Ne4 Qd8 38. Rc6 a5 39. Nc3 axb4 40. axb4 Nxb4 41. Rc5 Nd3 42. Rxb5 Qd4 43. Ne2 Qe4 44. Rb3 Rd8 45. Qc7 Qe5+ 46. Qxe5 Nxe5 47. Rb2 g5 48. Nc3 Kg7 49. Ne4 Rd7 50. Ra2 Rc7 51. Ra5 Nd3 52. Ra2 f5 53. Nd6 Rd7 54. Nc4 Kf6 55. Ne3 h5 56. Rd2 h4 57. Ra2 Rb7 58. Rd2 Rb3 59. Nc4 Rc3 60. Nb6 Ra3 61. Nd7+ Ke7 62. Nb6 Rb3 63. Nc4 Kf6 64. Nd6 Ne5 65. f3 Rxf3 66. Re2 Rc3 67. Ne8+ Ke7 68. Rxe5 Rc6 69. g4 hxg3+ 70. Kxg3 Kxe8 0-1

[Event "London Classic op 5th"]
[Site "London"]
[Date "2013.12.15"]
[Round "9"]
[White "Franklin, Samuel Gideon"]
[Black "Wells, Peter K"]
[Result "1/2-1/2"]
[WhiteElo "2306"]
[BlackElo "2479"]
[PlyCount "48"]
[EventDate "2013.12.07"]
[EventType "swiss"]
[EventRounds "9"]
[EventCountry "ENG"]
[SourceTitle "CBM 157 Extra"]
[Source "ChessBase"]
[SourceDate "2013.12.19"]
[SourceVersion "1"]
[SourceVersionDate "2013.12.19"]
[SourceQuality "1"]

1. e4 e5 2. Nf3 Nc6 3. Bb5 a6 4. Ba4 Nf6 5. 0-0 Be7 6. Re1 b5 7. Bb3 d6 8. c3 0-0 9. h3 Bb7 10. d4 Re8 11. Ng5 Rf8 12. Nf3 Re8 13. Nbd2 Bf8 14. d5 Nb8 15. Nf1 Nbd7 16. N3h2 Nc5 17. Bc2 c6 18. b4 Ncd7 19. dxc6 Bxc6 20. Bg5 Rc8 21. Ng4 Be7 22. Bxf6 Nxf6 23. Nxf6+ Bxf6 24. Bb3 Bg5 1/2-1/2